Diccionario general de política y administración (Record no. 153470)

MARC details
000 -LEADER
campo de control de longitud fija 00830nam a2200193 i 4500
001 - NÚMERO DE CONTROL
campo de control 153470
003 - IDENTIFICADOR DE NÚMERO DE CONTROL
campo de control ES-MaACL
005 - FECHA Y HORA DE LA ÚLTIMA TRANSACCIÓN
campo de control 20230906205233.0
008 - DATOS DE LONGITUD FIJA--INFORMACIÓN GENERAL
campo de control de longitud fija 000114s1868 sp |||| | spa d
040 ## - FUENTE DE CATALOGACIÓN
Centro catalogador/agencia de origen CCPB | B
Lengua de catalogación spa
Centro/agencia transcriptor CCPB | B
245 00 - MENCIÓN DEL TÍTULO
Título Diccionario general de política y administración
Resto del título : tomo primero /
Mención de responsabilidad, etc. publicado bajo la direccion de D. Estanislao Suárez Inclán y D. Francisco Barca, con la colaboración de varios jurisconsultos, publicistas y hombres de estado.
260 ## - PUBLICACIÓN, DISTRIBUCIÓN, ETC.
Lugar de publicación, distribución, etc. Madrid :
Nombre del editor, distribuidor, etc. [s.n.],
Fecha de publicación, distribución, etc. 1868 (
Fabricante imprenta de la Biblioteca Universal Económica)
300 ## - DESCRIPCIÓN FÍSICA
Extensión 1040 p. ;
Dimensiones 27 cm.
597 ## - NOTA DE DESCRIPCIÓN FÍSICA
NOTA DE DESCRIPCIÓN FÍSICA Texto a dos col.
597 ## - NOTA DE DESCRIPCIÓN FÍSICA
NOTA DE DESCRIPCIÓN FÍSICA Según BN no se publicaron más tomos.
700 1# - ENTRADA AGREGADA--NOMBRE PERSONAL
Nombre de persona Suarez Inclán, Estanislao.
9 (RLIN) 132942
700 0# - ENTRADA AGREGADA--NOMBRE PERSONAL
Nombre de persona Barca, Francisco.
9 (RLIN) 25489
852 ## - LOCALIZACIÓN
Ubicación ES-MaACL
Número de control de estantería B-11273
Nota libre -- Enc. hol.
Holdings
Estatus retirado Estado de pérdida Estado de daño No para préstamo Colección Biblioteca de origen Biblioteca actual Ubicación en estantería Fecha de adquisición Fuente de adquisición Total de préstamos Signatura topográfica completa Código de barras Visto por última vez Precio de reemplazo Tipo de ítem Koha
        Colección de referencia Biblioteca del Ateneo de Madrid Biblioteca del Ateneo de Madrid Sala Pardo Bazán 17/01/2008     B-11273 1160396 23/02/2023 23/02/2023 Libro impreso antiguo